00346nam a2200097Ia 4500008004100000041000800041100002600049245010100075260005300176999001900229241105s9999 xx 000 0 und d aeng aWatwani Unati9184985 aPerception Of IMpact Of Biophilia On The Helth And Well-Being Of Occupants In A Hospital Setting bBNCA M Arch Environment ArchitectureaPunec2023 c362085d362085